00701nam a2200169 a 4500008004100000050001500041100004000056245007700096260003900173300002200212350000900234650001100243650001900254995011000273999001700383952013100400120416s1938 ||||||||||||||||| || u aGN 643 Fra aFrazer, Sir James George, 1854-194114aThe native races of Africa and Madagascarcedited by Robert Angus Downie aLondonbPercy Lund Humphriesc1938 axii, 578p. : ill. a0.00 0aETHICS aETHICS--AFRICA D0.00FCBU-MAIN LIBRARY (Kitwe)H1I24.00M1UAVAILABLEWApr 13, 2007ZMain Library Open Access Collection c51969d51969 00102lcc4070a001b001cMain Library Open Access Collectiond2022-11-30l0oGN 643 Frap000655r2022-11-30w2022-11-30y002